000 00306nam a2200133Ia 4500
008 150301s2015 xx 000 0 und d
082 _a611/612
_bA14T
100 _aTORTORA, G.J
245 _aANATOMY & PHYSIOLOGY
260 _bWILIY-IND
300 _a1175
650 _aPHARMACEUTICS
942 _2ddc
_cBK
_01
999 _c7321
_d7321